Český Krumlov : od rezidenčního města k památce světového kulturního dědictví /

Další autoři: Gaži, Martin, 1972-, Pavelec, Petr, 1965-
Jazyk: Čeština
Vydáno: České Budějovice : Národní památkový ústav, územní odborné pracoviště v Českých Budějovicích, 2010
Vydání: Vyd. 1.
Edice: Collectiones
Témata:
Externí odkaz: Digitalizovaný dokument
Fyzický popis: 1039 s. : il. (některé barev.), mapy, portréty, plány, faksim. ; 25 cm
Language note: Anglické a německé resumé
Knihy
Uloženo v:
LEADER 01845nam a2200445 a 4500
001 nkc20102154439
003 CZ PrNK
005 20151113155348.0
007 ta
008 110103s2010 xr abcef 000 0 cze
015 |a cnb002154439 
020 |a 978-80-85033-26-7  |q (váz.) 
035 |a (OCoLC)703550575 
040 |a ABA001  |b cze 
041 0 |a cze  |b eng  |b ger 
043 |a e-xr---  |b e-xr-jc  |2 czenas 
072 7 |a 94(437)  |x Dějiny Česka a Slovenska  |2 Konspekt  |9 8 
080 |a 94(437.319)  |2 MRF 
080 |a (048.8:082)  |2 MRF 
245 0 0 |a Český Krumlov :  |b od rezidenčního města k památce světového kulturního dědictví /  |c [knihu koncipovali Martin Gaži, Petr Pavelec ; uspořádal a edičně připravil Martin Gaži] 
250 |a Vyd. 1. 
260 |a České Budějovice :  |b Národní památkový ústav, územní odborné pracoviště v Českých Budějovicích,  |c 2010 
300 |a 1039 s. :  |b il. (některé barev.), mapy, portréty, plány, faksim. ;  |c 25 cm 
490 1 |a Collectiones ;  |v 3 
500 |a 1000 výt. 
504 |a Obsahuje bibliografické odkazy 
546 |a Anglické a německé resumé 
651 7 |a Český Krumlov (Česko)  |7 ge131713  |x dějiny  |2 czenas 
651 9 |a Český Krumlov (Czechia)  |x history  |2 eczenas 
655 7 |a kolektivní monografie  |7 fd501537  |2 czenas 
655 9 |a collective monographs  |2 eczenas 
700 1 |a Gaži, Martin,  |d 1972-  |7 js20021104012  |4 edt 
700 1 |a Pavelec, Petr,  |d 1965-  |7 jo20000074516  |4 edt 
830 0 |a Collectiones  |0 s 
856 4 1 |u http://www.digitalniknihovna.cz/mzk/uuid/uuid:abc15d40-69b9-11e4-8991-005056827e51  |y Digitalizovaný dokument  |x NDK 
910 2 |a BOA001  |b 2-1261.887 
990 |a BK 
995 |a 01 
991 |b 201103  |c NOV  |e n 
996 6 |b 2610471918  |c 2-1261.887  |l MZK  |r Sklad / do 1 hodiny  |n 31  |p p.v.  |w 001171244  |u 000010  |a 1  |e BOA001  |j MZK50  |s P